Statistics for Kommuner i Innlandet, Norge (2020)

Click here to take the quiz!

General Stats

  • This quiz has been taken 87 times
    (44 since last reset)
  • The average score is 29 of 46

Answer Stats

InnbyggertallKommune% Correct
30.930Hamar
96%
27.938Lillehammer
96%
30.642Gjøvik
92%
21.123Elverum
88%
17.934Kongsvinger
88%
6.567Trysil
85%
2.642Dovre
73%
2.331Lom
73%
7.615Løten
73%
1.936Os
73%
4.454Ringebu
73%
34.151Ringsaker
73%
20.646Stange
73%
2.038Lesja
69%
5.097Nord-Odal
69%
14.888Østre Toten
69%
7.884Sør-Odal
69%
2.424Alvdal
65%
13.770Gran
65%
2.179Skjåk
65%
5.605Tynset
65%
13.314Vestre Toten
65%
6.142Eidskog
62%
1.294Engerdal
62%
1.569Folldal
58%
6.750Nordre Land
58%
5.650Søndre Land
58%
3.638Vågå
58%
2.139Vestre Slidre
58%
7.279Åsnes
54%
6.148Gausdal
54%
6.443Nord-Aurdal
54%
5.130Øyer
54%
3.221Øystre Slidre
54%
1.827Rendalen
54%
3.014Sør-Aurdal
54%
4.480Åmot
50%
3.680Våler
50%
1.601Vang
50%
1.352Etnedal
46%
4.740Grue
46%
5.728Nord-Fron
46%
3.146Sør-Fron
46%
2.490Stor-Elvdal
46%
1.553Tolga
46%
5.872Sel
38%

Score Distribution

Percentile by Number Answered

Percent of People with Each Score

Your Score History

You have not taken this quiz since the last reset